Les premiers jeux de la Gamecube - Statistiques

Statistiques générales
  • Ce quiz a été pris 8 fois
  • Le résultat moyen est 2 sur 16
Statistiques - réponses
Les premiers jeux sortis sur Gamecube en Europe % Correct
Luigi's Mansion
86%
Sonic Adventure 2
43%
Crazy Taxi
14%
Star Wars: Rogue Squadron II
14%
Super Monkey Ball
14%
Wave Race: Blue Storm
14%
Bloody Roar: Primal Fury
0%
Burnout
0%
Cel Damage
0%
Coupe du monde FIFA 2002
0%
Dave Mirra Freestyle BMX 2
0%
Donald Duck Couac Attack
0%
ESPN International Winter Sports
0%
International Superstar Soccer 2
0%
Tony Hawk's Pro Skater 3
0%
XG3: Extreme-G Racing
0%
Aucun quiz correspondant
Distribution des résultats
% des personnes avec chaque résultat
Percentile par nombre de réponses
Votre historique - résultats
Vous n’avez pas pris ce quiz